Регионална библиотека "Любен Каравелов" - Русе

Променящата се атмосфера (Запис номер 6536)

MARC детайли
000 -Лидер
Контролно поле с фиксирана дължина 01661nam a2200361 c 4500
003 - Код на организацията, давaща контролен номер
Контролно поле BLK
005 - Дата и час на последна редакция
Контролно поле 20200220132755.0
008 - Елементи от данни с фиксирана дължина
fixed length control field 180412b bul|||||r ||||||| ||bul||
010 ## - Наследен системен номер
LC control number KNG00007781000
020 ## - Международен стандартен номер на книга ISBN
Международен стандартен номер на книга ISBN 954-07-0464-2
-- издат.: Унив. изд. Св. Климент Охридски
040 ## - Източник на каталожния запис
Идентификатор на билиотеката - собственик на записа BLK
041 ## - Код за език
Код за езика на текст/звукозапис или на отделно заглавие Български
Код за езика КДБФ Български
080 ## - УДК
Текстов определител УДК Замърсяване на въздуха
УДК код - определител по УДК 504.3.054
УДК определител
УДК - код + определител 504.3.054
080 ## - УДК
Текстов определител УДК Метеорология. Климатология
УДК код - определител по УДК 551.5
УДК определител
УДК - код + определител 551.5
100 1# - Редна дума - Автор
Автор Фирър, Джон
Авторска отговорност първи автор
R(LIN) 134261
139 ## - Редно поле
Редна дума Фирър, Джон
Авторски знак Фир - Ф 56
245 10 - Сведения за заглавието
Заглавие Променящата се атмосфера
Подзаглавни данни Глобално предизвикателство
Редно поле (дума) Джон Фирър; прев. от англ. Маргарита Кирилова Сиракова.
257 ## - Страна на издаване
Страна на създаване/издаване Великобритания
260 ## - Област на издателските данни
-- София
Име на издателя, разпространителя и проч. Унив. изд. Св. Климент Охридски
Година на издаване 1995
Печатница Перник : Полиграф
300 ## - Физическа характеристика
Страници 172 с.
Илюстрации и др. с диагр.
Размери/Мащаб 20 см
380 ## - Жанр
Жанр Естествени науки. Математика
500 ## - Общи забележки
Забележка Ориг. загл. The changing atmosphere / John Firor. - Азб. показалец
650 #4 - Допълнително описание по предмет – тема
Основно описание – тема или топоним Атмосфера - замърсяване
9 (RLIN) 147831
650 #4 - Допълнително описание по предмет – тема
Основно описание – тема или топоним Валежи, киселинни
9 (RLIN) 150369
650 #4 - Допълнително описание по предмет – тема
Основно описание – тема или топоним Климат - промени
9 (RLIN) 251573
650 #4 - Допълнително описание по предмет – тема
Основно описание – тема или топоним Озон - в стратосферата - разрушаване
9 (RLIN) 164864
700 1# - Други автори (авторска отговорност)
Лично име Сиракова, Маргарита Кирилова
Автороска отговорност (Описва отношението между автора и произведението) прев. от англ.
9 (RLIN) 251572
852 ## - Местоположение
Форматна сигнатура Цб 183232
856 4# - Електронен адрес и достъп
Електронен формат pdf - файл
Път до файла /url/
856 4# - Електронен адрес и достъп
Електронен формат pdf - файл
Път до файла /url/
942 ## - АРТИКУЛИ
Вид на библиотечния материал Книги
Скрит в OPAC Не
Koha issues (borrowed), all copies 1
944 ## - СЪЗДАВАНЕ И РЕДАКЦИЯ на ЗАПИСА
Създаване/Редакция Създаване
Дата на регистрацията/редакция 15.01.2003
Служител, извършил регистрацията/редакцията Кети_Илиева
944 ## - СЪЗДАВАНЕ И РЕДАКЦИЯ на ЗАПИСА
Създаване/Редакция Редакция
Дата на регистрацията/редакция 26.09.2017
Служител, извършил регистрацията/редакцията Севдалина_Василева
999 ## - СИСТЕМНИ КОНТРОЛНИ НОМЕРА
Koha biblionumber 6536
Koha biblioitemnumber 6536
Наличности
Код за отписване Код за изгубен артикул Източник на класификационната схема Код за повреда Коз за рестрикции Код за отдаване Артикулен № Име на библиотеката - собственик Име на библиотеката, в която се намира в момента Статус (Текущо местоположение) Дата на вписване в системата Местоположение - отдел Цена в лева Инвентарен номер Систематично азбучна сигнатура Баркод Номер на екземпляра Цена в евро Служебна бележка Служебен тип на артикула Бележка за публиката
  Не е изгубен Universal Decimal Classification Не е повреден без рестрикции ползва се в читалня 11370 Регионална библиотека "Любен Каравелов" Русе Регионална библиотека "Любен Каравелов" Русе Хранилище 2001-01-01 Хранилище 0.00 613923 Цб 183232 120000613923 1 0.00 Дата инв: 06.10.2014 Бележки инв: Цб2014 Книги  
Изтеглен Не е изгубен Universal Decimal Classification Не е повреден без рестрикции ползва се в читалня 11371 Регионална библиотека "Любен Каравелов" Русе Регионална библиотека "Любен Каравелов" Русе Читалня 2001-01-01 Читалня 5.00 657890 Ч 50/Ф 56 657890 2 2.56 Дата инв: 15.03.2017 Бележки инв: Ч2017 Книги  
Изтеглен Не е изгубен   Не е повреден без рестрикции заемане за дома 11372 Регионална библиотека "Любен Каравелов" Русе Регионална библиотека "Любен Каравелов" Русе   2001-01-01 Детски отдел 5.00 657891 ДН 50/Ф 56 657891 3 2.56 Дата инв: 30.09.2015 Бележки инв: Д2015 Книги Отч.N: 48/17 , Дата: 06.10.2017
Изтеглен Не е изгубен   Не е повреден без рестрикции заемане за дома 11373 Регионална библиотека "Любен Каравелов" Русе Регионална библиотека "Любен Каравелов" Русе   2001-01-01 Детски отдел 5.00 657892 ДН 50/Ф 56 657892 4 2.56 Дата инв: 30.09.2015 Бележки инв: Д2015 Книги Отч.N: 39/2017 , Дата: 07.09.2017
Vip Innovations Ltd, Rousse, Bulgaria 2025